000 00784nam a2200253Ia 4500
003 OSt
005 20220926012253.0
006 a|||||r|||| 00| 0
007 ta
008 220923b |||||||| |||| 00| 0 eng d
037 _cGeneral Book
040 _aRTL
_cRTL
_beng
041 _2eng
_aeng
082 _aY.58.N91<--N70, N4
100 _aMillar James R
_9315951
245 0 _aSocial legacy of communism
260 _aNew York
_bCambridge University Press
_c1994
300 _axiii,404p
_ccm.
490 _aWoodrow Wilson International Center for Scholars Publication
650 _aSociology
700 _a Wolchick Sharon L Ed.
_9315952
942 _hY.58.N91<--N70, N4
_cGB
_2CC
999 _c622282
_d622282